| 000 | 01141nam a2200325Ia 4500 | ||
|---|---|---|---|
| 003 | GCL | ||
| 008 | 140319s9999 xx 000 0 ara d | ||
| 020 | _a7588208977 | ||
| 040 |
_aGCL / _cGCL |
||
| 082 | 0 | 4 |
_a213 _bن ح |
| 100 | 1 | _aنيازى عزالدين | |
| 245 | 1 | 0 |
_aالحقيقة : من حقائق القرآن المسكوت عنها / _cنيازى عزالدين |
| 250 | _aالثانية | ||
| 260 |
_aالقاهرة : _bمكتبة مدبولى ، _c2006 |
||
| 300 |
_a432 ص ؛ _c24 سم |
||
| 650 | 0 | 4 | _aالاخلاق الاسلامية |
| 650 | 0 | 4 | _aالاداب الاسلامية |
| 650 | 0 | 4 | _aالاسلام والاصلاح الدينى |
| 650 | 0 | 4 | _aالاسلام - دفع مطاعن |
| 650 | 0 | 4 | _aالقران - بلاغة |
| 650 | 0 | 4 | _aالقران - الفاظ |
| 650 | 0 | 4 | _aالقران - سور وايات |
| 650 | 0 | 4 | _aالقران - فضائل |
| 650 | 0 | 4 | _aالقران - احكام |
| 650 | 0 | 4 | _aالاسلام - مبادىء عامة |
| 650 | 0 | 4 | _aالقران - تفاسير |
| 650 | 0 | 4 | _aالقران، علوم |
| 650 | 0 | 4 | _aالقران - خواص واسرار |
| 942 |
_2ddc _cBK |
||
| 999 |
_c9488 _d9488 |
||